000 00525nam a22001697a 4500
999 _c8345
_d8345
008 201113b ||||| |||| 00| 0 eng d
040 _aBMS College of Architecture
100 _aSait, Mohammed Adnan
245 _aConvertible cricket stadium
300 _aNA
500 _a1BM15AT048
502 _8B,Arch
_NBMS College of Architecture, Visvesvaraya Technological University (VTU)
_aProject report
_d2019
650 _a Stadium
700 _aDakshayini Patil
_eGuide
700 _aAdithya Kiran T
_eGuide
942 _2ddc
_cTHE